[Event "Heusenstamm Schloss op"]
[Site "Heusenstamm"]
[Date "2022.11.20"]
[Round "6"]
[White "Neininger, Ralph"]
[Black "Weil, Volker"]
[Result "1/2-1/2"]
[WhiteElo "2123"]
[BlackElo "2031"]
[PlyCount "51"]
[EventDate "2022.11.17"]
[EventType "swiss"]
[EventRounds "7"]
[EventCountry "GER"]
[SourceTitle "CBM 212 Extra"]
[Source "ChessBase"]
[SourceDate "2023.03.31"]
[SourceVersion "1"]
[SourceVersionDate "2023.03.31"]
[SourceQuality "1"]

1. d4 d6 2. Nf3 Nf6 3. c4 g6 4. Nc3 Bf5 5. Nh4 Bd7 6. e4 e5 7. Nf3 exd4 8. Nxd4 Bg7 9. Be2 0-0 10. 0-0 Nc6 11. Be3 Re8 12. f3 Nh5 13. Nxc6 Bxc6 14. Qd2 Qc8 15. Bd3 Nf6 16. Rfd1 Nd7 17. Bf1 a5 18. Ne2 Nc5 19. Nd4 Ne6 20. Ne2 Nc5 21. Nf4 b6 22. Ne2 Ne6 23. Rab1 Qd8 24. b3 Qe7 25. a3 Rf8 26. Nd4 1/2-1/2

[Event "Heusenstamm Schloss op"]
[Site "Heusenstamm"]
[Date "2022.11.20"]
[Round "7"]
[White "Weil, Volker"]
[Black "Farmani Anosheh, Armin"]
[Result "0-1"]
[WhiteElo "2031"]
[BlackElo "2330"]
[PlyCount "44"]
[EventDate "2022.11.17"]
[EventType "swiss"]
[EventRounds "7"]
[EventCountry "GER"]
[SourceTitle "CBM 212 Extra"]
[Source "ChessBase"]
[SourceDate "2023.03.31"]
[SourceVersion "1"]
[SourceVersionDate "2023.03.31"]
[SourceQuality "1"]

1. d4 d5 2. Nf3 Nf6 3. Bf4 c5 4. e3 Nc6 5. Nbd2 e6 6. c3 Bd6 7. dxc5 Bxc5 8. Qc2 h6 9. Be2 Nh5 10. 0-0 Nxf4 11. exf4 Qf6 12. c4 Bb6 13. f5 0-0 14. a3 Nd4 15. Nxd4 Bxd4 16. fxe6 Bxe6 17. Qb3 Rfd8 18. cxd5 Bxd5 19. Bc4 Bc6 20. Rab1 Rac8 21. a4 Be5 22. Bd3 Qf4 0-1

[Event "Heusenstamm Sparkassen op-A 3rd"]
[Site "Heusenstamm"]
[Date "2016.11.27"]
[Round "6"]
[White "Khudovekov, Maxim"]
[Black "Weil, Volker"]
[Result "1/2-1/2"]
[WhiteElo "1908"]
[BlackElo "2071"]
[PlyCount "49"]
[EventDate "2016.11.24"]
[EventType "swiss"]
[EventRounds "7"]
[EventCountry "GER"]
[SourceTitle "EXT 2018"]
[Source "ChessBase"]
[SourceDate "2017.10.13"]
[SourceVersion "1"]
[SourceVersionDate "2017.10.13"]
[SourceQuality "1"]

1. e4 d6 2. d4 Nf6 3. Nc3 e5 4. dxe5 dxe5 5. Qxd8+ Kxd8 6. Bg5 Be6 7. g3 Kc8 8. f4 Bb4 9. Bd3 h6 10. Bxf6 Bxc3+ 11. bxc3 gxf6 12. f5 Bd7 13. Nh3 Kd8 14. 0-0-0 Ke7 15. Bc4 Bc6 16. Nf2 Nd7 17. Bd5 Bxd5 18. Rxd5 c6 19. Rd2 Nc5 20. Rhd1 Rac8 21. Rd6 Rhg8 22. R1d2 Rc7 23. a3 Na4 24. Nd1 Nc5 25. Nf2 1/2-1/2

[Event "Heusenstamm Sparkassen op-A 3rd"]
[Site "Heusenstamm"]
[Date "2016.11.27"]
[Round "7"]
[White "Weil, Volker"]
[Black "Schlapp, Thomas"]
[Result "1/2-1/2"]
[WhiteElo "2071"]
[BlackElo "2261"]
[PlyCount "113"]
[EventDate "2016.11.24"]
[EventType "swiss"]
[EventRounds "7"]
[EventCountry "GER"]
[SourceTitle "EXT 2018"]
[Source "ChessBase"]
[SourceDate "2017.10.13"]
[SourceVersion "1"]
[SourceVersionDate "2017.10.13"]
[SourceQuality "1"]

1. d4 Nf6 2. Nf3 e6 3. g3 b6 4. Bg2 Bb7 5. 0-0 Be7 6. c4 d5 7. Nc3 c6 8. Ne5 0-0 9. b3 Nbd7 10. cxd5 Nxd5 11. Bb2 Nxc3 12. Bxc3 Nxe5 13. dxe5 Qc7 14. Qc2 c5 15. Be4 g6 16. f4 Rac8 17. Rac1 b5 18. Be1 Qb6 19. Bf2 Qa6 20. a4 bxa4 21. bxa4 Bxe4 22. Qxe4 c4 23. Rc2 Rc7 24. Ra1 Rfc8 25. h4 h5 26. Kg2 c3 27. Be1 Rc4 28. Qf3 Rxa4 29. Rxa4 Qxa4 30. Rxc3 Rxc3 31. Bxc3 Qc4 32. Kh3 a6 33. g4 hxg4+ 34. Kxg4 Kh7 35. h5 g5 36. Qd3+ Qxd3 37. exd3 gxf4 38. Kxf4 Bd8 39. d4 Kh6 40. d5 Kxh5 41. d6 Kg6 42. Ke4 Kg7 43. Kd3 Kf8 44. Bd4 Ke8 45. Kc4 Kd7 46. Kc5 Ba5 47. Bb2 Be1 48. Kb6 a5 49. Kb5 Bd2 50. Bd4 Be1 51. Bb2 Bb4 52. Bd4 f5 53. exf6 Kxd6 54. Kc4 Kc6 55. f7 Bf8 56. Bc3 Kd6 57. Bxa5 1/2-1/2

[Event "Heusenstamm Sparkassen op-A 2nd"]
[Site "Heusenstamm"]
[Date "2015.11.26"]
[Round "1"]
[White "Reichel, Guenther"]
[Black "Weil, Volker"]
[Result "0-1"]
[WhiteElo "1745"]
[BlackElo "2065"]
[PlyCount "60"]
[EventDate "2015.11.26"]
[EventType "swiss"]
[EventRounds "7"]
[EventCountry "GER"]
[SourceTitle "EXT 2018"]
[Source "ChessBase"]
[SourceDate "2017.10.13"]
[SourceVersion "1"]
[SourceVersionDate "2017.10.13"]
[SourceQuality "1"]

1. c4 d6 2. g3 e5 3. Bg2 f5 4. Nc3 Nf6 5. d3 Be7 6. Bg5 c6 7. Nf3 0-0 8. c5 Kh8 9. cxd6 Qxd6 10. 0-0 Na6 11. a3 Be6 12. b4 h6 13. Bd2 Nh7 14. Qc1 Rac8 15. Qb2 Bf6 16. Nh4 Bxh4 17. gxh4 Nf6 18. Rad1 Rfd8 19. e4 f4 20. Bf3 Qe7 21. d4 Ng4 22. dxe5 Nxe5 23. Be2 Qxh4 24. Kh1 f3 25. Bxa6 bxa6 26. Rg1 Bh3 27. Rg3 Bg2+ 28. Kg1 Ng4 29. Rxg4 Qxg4 30. Ne2 fxe2 0-1

[Event "Rhein Main op-A 17th"]
[Site "Bad Homburg"]
[Date "2014.06.22"]
[Round "7"]
[White "Barisch, Florian"]
[Black "Weil, Volker"]
[Result "1/2-1/2"]
[WhiteElo "1931"]
[BlackElo "2102"]
[PlyCount "78"]
[EventDate "2014.06.18"]
[EventType "swiss"]
[EventRounds "7"]
[EventCountry "GER"]
[SourceTitle "CBM 161 Extra"]
[Source "ChessBase"]
[SourceDate "2014.08.29"]
[SourceVersion "1"]
[SourceVersionDate "2014.08.29"]
[SourceQuality "1"]

1. d4 d6 2. e4 Nf6 3. Nc3 e5 4. Nf3 exd4 5. Qxd4 Be7 6. Bg5 0-0 7. 0-0-0 Nc6 8. Qd2 Be6 9. Kb1 a6 10. Bd3 Re8 11. h3 Rb8 12. g4 b5 13. Ne2 Nd7 14. Bxe7 Qxe7 15. Nfd4 Nxd4 16. Nxd4 Rb6 17. Nf5 Qf8 18. Rhg1 Ne5 19. Rg3 Nc4 20. Qf4 Ne5 21. Qg5 c5 22. Bf1 Kh8 23. Qd2 g6 24. Ne3 f6 25. Nd5 Rc6 26. Qf4 Nd7 27. Rf3 g5 28. Qd2 Bg8 29. Re3 Ne5 30. f3 Qf7 31. Qh2 Ng6 32. Qd2 Re5 33. c4 b4 34. Rd3 Re6 35. Qf2 a5 36. R3d2 a4 37. Qg3 b3 38. a3 Ne5 39. Rc1 Ng6 1/2-1/2

[Event "Rhein Main op-A 17th"]
[Site "Bad Homburg"]
[Date "2014.06.19"]
[Round "2"]
[White "Weil, Volker"]
[Black "Suess, Stefan1111"]
[Result "1-0"]
[WhiteElo "2102"]
[BlackElo "1787"]
[PlyCount "79"]
[EventDate "2014.06.18"]
[EventType "swiss"]
[EventRounds "7"]
[EventCountry "GER"]
[SourceTitle "CBM 161 Extra"]
[Source "ChessBase"]
[SourceDate "2014.08.29"]
[SourceVersion "1"]
[SourceVersionDate "2014.08.29"]
[SourceQuality "1"]

1. d4 Nf6 2. Nf3 g6 3. g3 Bg7 4. Bg2 d6 5. 0-0 0-0 6. c4 Nbd7 7. Nc3 e5 8. h3 Re8 9. e4 exd4 10. Nxd4 Nc5 11. Re1 Ne6 12. Nc2 a5 13. Be3 Nd7 14. Qe2 Ne5 15. f4 Nc6 16. Qd2 f6 17. Rad1 Qe7 18. Bf2 Qf7 19. Kh2 Rb8 20. b3 Ne7 21. Nb5 Nc6 22. Qd5 Ne7 23. Qd2 Nc6 24. Ne3 Rd8 25. Nd5 Qe7 26. g4 Nb4 27. f5 c6 28. fxe6 Qxe6 29. Nd4 Qf7 30. Nxb4 axb4 31. Rf1 c5 32. Nb5 Qe6 33. Bg3 Bf8 34. e5 Kh8 35. exd6 Bd7 36. Bd5 Bxd6 37. Bxd6 Qxd5 38. Qxd5 Bxb5 39. cxb5 b6 40. Qf7 1-0

[Event "Karl Mala Memorial op-A 16th"]
[Site "Frankfurt"]
[Date "2013.07.14"]
[Round "7"]
[White "Schaefer, Annabelle"]
[Black "Weil, Volker"]
[Result "1-0"]
[WhiteElo "1957"]
[BlackElo "2118"]
[PlyCount "43"]
[EventDate "2013.07.11"]
[EventType "swiss"]
[EventRounds "7"]
[EventCountry "GER"]
[SourceTitle "EXT 2014"]
[Source "ChessBase"]
[SourceDate "2013.11.20"]
[SourceVersion "1"]
[SourceVersionDate "2013.11.20"]
[SourceQuality "1"]

1. e4 d6 2. d4 Nf6 3. Nc3 e5 4. Nf3 Nbd7 5. Bc4 Be7 6. 0-0 0-0 7. Re1 c6 8. a4 b6 9. Ba2 a6 10. h3 Rb8 11. Ng5 b5 12. axb5 axb5 13. Be3 Nb6 14. dxe5 Ne8 15. Qh5 Bxg5 16. Bxg5 Qc7 17. exd6 Qxd6 18. Rad1 Qe5 19. Qh4 Ra8 20. Be7 b4 21. Bxb4 c5 22. Ba3 1-0

[Event "Karl Mala Memorial op-A 16th"]
[Site "Frankfurt"]
[Date "2013.07.11"]
[Round "1"]
[White "Stoica, Vlad"]
[Black "Weil, Volker"]
[Result "1/2-1/2"]
[WhiteElo "1865"]
[BlackElo "2118"]
[PlyCount "92"]
[EventDate "2013.07.11"]
[EventType "swiss"]
[EventRounds "7"]
[EventCountry "GER"]
[SourceTitle "EXT 2014"]
[Source "ChessBase"]
[SourceDate "2013.11.20"]
[SourceVersion "1"]
[SourceVersionDate "2013.11.20"]
[SourceQuality "1"]

1. e4 d6 2. d4 Nf6 3. Nc3 e5 4. dxe5 dxe5 5. Qxd8+ Kxd8 6. Bg5 Be6 7. 0-0-0+ Nbd7 8. f4 exf4 9. e5 h6 10. Bxf4 Ng4 11. Bg3 Bb4 12. Nd5 Bc5 13. Nf3 c6 14. Nc3 Ne3 15. Re1 Nf5 16. Ne4 Nxg3 17. hxg3 Ke7 18. Nxc5 Nxc5 19. Nd4 Rad8 20. Nxe6 Nxe6 21. Bc4 Rd4 22. Bd3 Rhd8 23. Rh4 a5 24. b3 Ng5 25. Kd2 Ne6 26. Ke3 c5 27. Rf1 b6 28. Rf2 R4d5 29. Ke4 Ng5+ 30. Kf5 Rd4 31. Rff4 Ne6 32. Rxd4 Nxd4+ 33. Ke4 Ne6 34. Ke3 Ng5 35. Kf4 Rd5 36. Rh1 Ne6+ 37. Ke4 Rd4+ 38. Ke3 Ng5 39. Rh4 Rd5 40. Kf4 Rd8 41. a3 Ne6+ 42. Ke4 Nc7 43. a4 Ne6 44. Ke3 Ng5 45. Kf4 Rd5 46. Kf5 Rd8 1/2-1/2

[Event "Rhein Main op-A 14th"]
[Site "Bad Homburg"]
[Date "2011.06.23"]
[Round "2"]
[White "Weil, Volker"]
[Black "Rotstein, Arkadij"]
[Result "0-1"]
[WhiteElo "2094"]
[BlackElo "2529"]
[PlyCount "86"]
[EventDate "2011.06.22"]
[EventType "swiss"]
[EventRounds "7"]
[EventCountry "GER"]
[SourceTitle "EXT 2012"]
[Source "ChessBase"]
[SourceDate "2011.11.24"]
[SourceVersion "1"]
[SourceVersionDate "2011.11.24"]
[SourceQuality "1"]

1. d4 Nf6 2. Bg5 e6 3. Nf3 h6 4. Bxf6 Qxf6 5. c3 d6 6. Nbd2 e5 7. e3 g6 8. Be2 Bg7 9. 0-0 0-0 10. Qb3 Qe7 11. e4 exd4 12. Nxd4 Nd7 13. Rfe1 Nc5 14. Qc2 Bd7 15. Bc4 c6 16. b4 Ne6 17. N2f3 Nxd4 18. Nxd4 b5 19. Bf1 a5 20. Rad1 Rfc8 21. a3 axb4 22. axb4 Ra3 23. c4 bxc4 24. Qxc4 Ra4 25. Qd3 c5 26. Nf3 cxb4 27. e5 Bf5 28. Qb5 Qa7 29. exd6 Bd7 30. Qd5 Ra5 31. Qe4 b3 32. Qb4 Rb8 33. Qe4 Ra2 34. Nd2 Bf5 35. Qe7 Bf8 36. Qxa7 Rxa7 37. Ne4 b2 38. Bd3 Bxd6 39. g4 Bxe4 40. Bxe4 Bf4 41. Rb1 Rc7 42. h3 Rc1 43. Kf1 Kg7 0-1

[Event "Oberliga Ost-B 1011"]
[Site "Germany"]
[Date "2010.12.12"]
[Round "4.7"]
[White "Falk, Thomas"]
[Black "Weil, Volker"]
[Result "1-0"]
[WhiteElo "2119"]
[BlackElo "2101"]
[PlyCount "76"]
[EventDate "2010.10.24"]
[EventType "team-tourn"]
[EventRounds "11"]
[EventCountry "GER"]
[SourceTitle "EXT 2012"]
[Source "ChessBase"]
[SourceDate "2011.11.24"]
[SourceVersion "1"]
[SourceVersionDate "2011.11.24"]
[SourceQuality "1"]
[WhiteTeam "Oberursel"]
[BlackTeam "Steinbach"]
[WhiteTeamCountry "GER"]
[BlackTeamCountry "GER"]

1. d4 d6 2. Nf3 Nf6 3. c4 Nbd7 4. Nc3 e5 5. e4 Be7 6. Be2 c6 7. 0-0 0-0 8. Re1 a5 9. Bf1 Re8 10. b3 Bf8 11. Bb2 g6 12. Qd2 Nh5 13. Rad1 Qc7 14. Ba3 Ng7 15. dxe5 dxe5 16. Bd6 Bxd6 17. Qxd6 Qxd6 18. Rxd6 Nc5 19. h3 f5 20. Red1 fxe4 21. Ng5 e3 22. fxe3 Nf5 23. Rd8 Be6 24. Rxa8 Rxa8 25. Na4 Nxa4 26. Nxe6 Nc3 27. Rd7 b5 28. cxb5 cxb5 29. e4 Nd4 30. Nxd4 exd4 31. Rxd4 b4 32. Bc4+ Kh8 33. e5 Re8 34. e6 Kg7 35. Rd7+ Kf6 36. Rxh7 Nxa2 37. Ra7 Nc3 38. Rxa5 Rc8 1-0

[Event "Rhein Main op 13th"]
[Site "Bad Homburg"]
[Date "2010.06.04"]
[Round "4"]
[White "Diyap, Murat"]
[Black "Weil, Volker"]
[Result "1/2-1/2"]
[WhiteElo "1953"]
[BlackElo "2101"]
[PlyCount "118"]
[EventDate "2010.06.02"]
[EventType "swiss"]
[EventRounds "7"]
[EventCountry "GER"]
[SourceTitle "EXT 2011"]
[Source "ChessBase"]
[SourceDate "2010.11.26"]
[SourceVersion "1"]
[SourceVersionDate "2010.11.26"]
[SourceQuality "1"]

1. e4 d6 2. d4 Nf6 3. Nc3 e5 4. dxe5 dxe5 5. Qxd8+ Kxd8 6. Bg5 Be6 7. 0-0-0+ Nbd7 8. f4 exf4 9. e5 h6 10. Bxf6+ gxf6 11. exf6 Bc5 12. Nf3 c6 13. Ne5 Kc7 14. Nxd7 Bxd7 15. Bc4 Bg4 16. Rde1 b5 17. Bxf7 Be3+ 18. Kb1 Rhf8 19. Bb3 Rxf6 20. h3 Bf5 21. Rhf1 Rff8 22. a3 Rad8 23. Rf3 a5 24. Re2 Bg6 25. g3 Bh5 26. g4 Bg6 27. Rf1 b4 28. Nd1 Bc5 29. Re5 Kb6 30. g5 hxg5 31. Rxg5 Bf5 32. axb4 axb4 33. h4 Be7 34. Rg7 Bf6 35. Rgg1 Bxh4 36. Kc1 Bg3 37. Bc4 Bh3 38. Rf3 Ra8 39. Kb1 Bf5 40. Bd3 Bg4 41. Rff1 Rad8 42. Nf2 Bf3 43. Ne4 Bxe4 44. Bxe4 Rfe8 45. Bd3 b3 46. Rf3 bxc2+ 47. Kxc2 Re5 48. b3 Ra8 49. Kb2 Rh8 50. Rg2 Rh1 51. Rc2 Ree1 52. Rg2 Reg1 53. Kc3 Kc5 54. Bc4 Be1+ 55. Kd3 Bg3 56. Ke4 Re1+ 57. Kd3 Kb4 58. Kd4 Rd1+ 59. Ke4 Rhe1+ 1/2-1/2

[Event "Oberliga Ost-B 0910"]
[Site "Germany"]
[Date "2009.11.29"]
[Round "4.7"]
[White "Weil, Volker"]
[Black "Jakob, Matthias"]
[Result "1-0"]
[WhiteElo "2085"]
[BlackElo "2102"]
[PlyCount "23"]
[EventDate "2009.10.18"]
[EventType "team-tourn"]
[EventRounds "11"]
[EventCountry "GER"]
[SourceTitle "EXT 2011"]
[Source "ChessBase"]
[SourceDate "2010.11.26"]
[SourceVersion "1"]
[SourceVersionDate "2010.11.26"]
[SourceQuality "1"]
[WhiteTeam "Steinbach"]
[BlackTeam "Erfurt Medizin"]
[WhiteTeamCountry "GER"]
[BlackTeamCountry "GER"]

1. d4 Nf6 2. Bg5 c6 3. Bxf6 gxf6 4. c3 d5 5. Qb3 Qc7 6. Nd2 Bf5 7. Ngf3 Bh6 8. e3 Rg8 9. c4 Be6 10. g3 Nd7 11. Rc1 f5 12. cxd5 1-0

[Event "Oberliga Ost-B 0910"]
[Site "Germany"]
[Date "2009.11.15"]
[Round "3.7"]
[White "Weil, Volker"]
[Black "Weise, Martin"]
[Result "1/2-1/2"]
[WhiteElo "2085"]
[BlackElo "2153"]
[PlyCount "168"]
[EventDate "2009.10.18"]
[EventType "team-tourn"]
[EventRounds "11"]
[EventCountry "GER"]
[SourceTitle "EXT 2011"]
[Source "ChessBase"]
[SourceDate "2010.11.26"]
[SourceVersion "1"]
[SourceVersionDate "2010.11.26"]
[SourceQuality "1"]
[WhiteTeam "Steinbach"]
[BlackTeam "Hungen Lich"]
[WhiteTeamCountry "GER"]
[BlackTeamCountry "GER"]

1. d4 Nf6 2. Bg5 e6 3. Nf3 b6 4. Nbd2 Bb7 5. e3 c5 6. Bd3 Nc6 7. c3 Be7 8. 0-0 Rc8 9. a3 cxd4 10. exd4 Nd5 11. Ne4 Qc7 12. Re1 Nf4 13. Bf1 f5 14. Ned2 0-0 15. g3 Ng6 16. Bg2 h6 17. Bxe7 Ncxe7 18. Rc1 Rf6 19. c4 d6 20. b4 Rcf8 21. c5 Bd5 22. Qe2 f4 23. g4 bxc5 24. dxc5 Bxf3 25. Nxf3 d5 26. Qb2 Nc6 27. b5 Na5 28. Bf1 Qc8 29. h3 h5 30. Ne5 Nxe5 31. Rxe5 hxg4 32. hxg4 f3 33. Bd3 Rf4 34. Rg5 e5 35. Qxe5 Rxg4+ 36. Rxg4 Qxg4+ 37. Qg3 Qxg3+ 38. fxg3 Nb3 39. Rc2 Nd4 40. Rb2 Ne6 41. Rc2 Nd4 42. Rb2 Ne6 43. b6 axb6 44. cxb6 Nc5 45. b7 f2+ 46. Kf1 Rb8 47. Bf5 Rxb7 48. Rxb7 Nxb7 49. Be6+ Kf8 50. Bxd5 Nc5 51. Kxf2 Ke7 52. Ke3 Kd6 53. Kd4 Na4 54. Be4 Nc5 55. Bc2 Ne6+ 56. Kc4 Ke5 57. a4 Nd4 58. Bd3 Ne6 59. a5 Kd6 60. Be4 Nc7 61. Bb7 Ne8 62. Kb5 Kc7 63. Bd5 Nd6+ 64. Kc5 Nc8 65. g4 Kb8 66. Be6 Ne7 67. Kb6 Ka8 68. Bd7 Nd5+ 69. Kc6 Ne3 70. Bc8 Ka7 71. Kc5 g5 72. Kb5 Nd5 73. Bd7 Nf6 74. Be6 Ne4 75. Bd5 Nf6 76. Bf3 Nd7 77. Be2 Nf6 78. Kc5 Ne4+ 79. Kd4 Nf6 80. Kc5 Ne4+ 81. Kd4 Nf6 82. Kc5 Ne4+ 83. Kd4 Nf6 84. Ke5 Nxg4+ 1/2-1/2

[Event "Rhein Main op 12th"]
[Site "Bad Homburg"]
[Date "2009.06.14"]
[Round "7"]
[White "Weil, Volker"]
[Black "Gutacker, Stephan"]
[Result "1-0"]
[WhiteElo "2094"]
[BlackElo "1967"]
[PlyCount "65"]
[EventDate "2009.06.10"]
[EventType "swiss"]
[EventRounds "7"]
[EventCountry "GER"]
[SourceTitle "CBM 131 Extra"]
[Source "ChessBase"]
[SourceDate "2009.09.03"]
[SourceVersion "2"]
[SourceVersionDate "2009.09.16"]
[SourceQuality "1"]

1. d4 Nf6 2. Bg5 e6 3. Nf3 h6 4. Bh4 g5 5. Bg3 b6 6. Nbd2 Bb7 7. c3 Bg7 8. Qc2 d6 9. e4 Nbd7 10. Bd3 Qe7 11. 0-0-0 Nh5 12. Rhe1 Nxg3 13. hxg3 a6 14. Nc4 a5 15. Ne3 Ba6 16. Bxa6 Rxa6 17. Qa4 Ra8 18. Nd2 Qd8 19. f4 Qb8 20. Qc2 b5 21. Nf3 b4 22. e5 d5 23. f5 bxc3 24. bxc3 Bf8 25. fxe6 Ba3+ 26. Kd2 fxe6 27. Qg6+ Kd8 28. Rb1 Qc8 29. Qxe6 Nb6 30. Qf6+ Kd7 31. e6+ Kc6 32. e7+ Kb7 33. Nxd5 1-0

[Event "Rhein Main op 12th"]
[Site "Bad Homburg"]
[Date "2009.06.10"]
[Round "1"]
[White "Linke, Michael"]
[Black "Weil, Volker"]
[Result "1/2-1/2"]
[WhiteElo "1679"]
[BlackElo "2094"]
[PlyCount "38"]
[EventDate "2009.06.10"]
[EventType "swiss"]
[EventRounds "7"]
[EventCountry "GER"]
[SourceTitle "CBM 131 Extra"]
[Source "ChessBase"]
[SourceDate "2009.09.03"]
[SourceVersion "2"]
[SourceVersionDate "2009.09.16"]
[SourceQuality "1"]

1. e4 d6 2. d4 Nf6 3. Nc3 e5 4. Bc4 Be7 5. f3 Nbd7 6. Be3 c6 7. g4 exd4 8. Qxd4 0-0 9. g5 Ne8 10. Qd2 Ne5 11. Bb3 Be6 12. 0-0-0 Qa5 13. Kb1 Kh8 14. f4 Ng4 15. f5 Bxb3 16. cxb3 Nc7 17. Bf4 Rfd8 18. Nf3 Ne5 19. Qe2 a6 1/2-1/2

[Event "Nuremberg LGA Cup 4th"]
[Site "Nuremberg"]
[Date "2007.09.09"]
[Round "7"]
[White "Klundt, Klaus"]
[Black "Weil, Volker"]
[Result "1-0"]
[WhiteElo "2375"]
[BlackElo "2148"]
[PlyCount "101"]
[EventDate "2007.09.06"]
[EventType "swiss"]
[EventRounds "7"]
[EventCountry "GER"]
[SourceTitle "CBM 120 Extra"]
[Source "ChessBase"]
[SourceDate "2007.11.01"]
[SourceVersion "1"]
[SourceVersionDate "2007.11.01"]
[SourceQuality "1"]

1. e4 d6 2. d4 Nf6 3. Nc3 e5 4. Nf3 Nbd7 5. Bc4 Be7 6. 0-0 0-0 7. Re1 c6 8. a4 a5 9. b3 exd4 10. Qxd4 Ne5 11. Be2 Nxf3+ 12. Bxf3 Be6 13. Bb2 Ne8 14. Nd1 Bf6 15. Qd2 Be5 16. Rb1 Qb6 17. Ne3 Nf6 18. Red1 Rfd8 19. Bd4 Qc7 20. Qe2 h6 21. Rd2 Kh7 22. Rbd1 Ne8 23. g3 Rdb8 24. Bg4 Bxd4 25. Rxd4 b5 26. axb5 Rxb5 27. Nc4 Bxc4 28. Qxc4 Rb4 29. Qc3 c5 30. Rxb4 axb4 31. Qd3 g6 32. f4 Nf6 33. Bf3 Re8 34. Qxd6 Qxd6 35. Rxd6 Nxe4 36. Rc6 Nc3 37. Kf2 Rd8 38. Ke3 Re8+ 39. Kd3 Rd8+ 40. Kc4 Rd2 41. Rxc5 Na2 42. Be4 f5 43. Rc7+ Kh8 44. Bd3 Nc1 45. Kxb4 Nxd3+ 46. cxd3 Rxd3 47. Ka4 Rd2 48. b4 Rxh2 49. b5 Ra2+ 50. Kb3 Ra5 51. Kb4 1-0

[Event "Rhein Main op 10th"]
[Site "Bad Homburg"]
[Date "2007.06.08"]
[Round "4"]
[White "Weil, Volker"]
[Black "Diez, Gerhard"]
[Result "1/2-1/2"]
[WhiteElo "2176"]
[BlackElo "2052"]
[PlyCount "101"]
[EventDate "2007.06.06"]
[EventType "swiss"]
[EventRounds "7"]
[EventCountry "GER"]
[SourceTitle "EXT 2008"]
[Source "ChessBase"]
[SourceDate "2007.11.25"]
[SourceVersion "1"]
[SourceVersionDate "2007.11.25"]
[SourceQuality "1"]

1. d4 Nf6 2. Bg5 c5 3. Bxf6 gxf6 4. d5 Qb6 5. Qc1 Bh6 6. e3 f5 7. c4 f4 8. exf4 Bxf4 9. Qxf4 Qxb2 10. Ne2 Qxa1 11. Nec3 d6 12. Qd2 Rg8 13. Be2 Rxg2 14. Bf3 Rg6 15. Ke2 Bg4 16. Rc1 Nc6 17. dxc6 Re6+ 18. Kf1 Bxf3 19. cxb7 Rb8 20. Na3 Qxc1+ 21. Qxc1 Rxb7 22. Nc2 Bg4 23. Ne3 Bh3+ 24. Ke2 Rg6 25. Ncd5 e5 26. Qc2 Kf8 27. Kd2 Be6 28. Nf5 Rg2 29. Kc3 Rxh2 30. Nxd6 Rh3+ 31. Ne3 Rd7 32. Ndf5 Rd4 33. Nxd4 exd4+ 34. Kb2 dxe3 35. fxe3 h5 36. Qd3 Kg7 37. Qd8 Kg6 38. Qc7 Rxe3 39. Qxc5 Re4 40. Qxa7 Rxc4 41. Qa8 h4 42. a4 h3 43. Qg8+ Kf5 44. Qh7+ Kg4 45. a5 Ra4 46. Qg7+ Kf5 47. Qh7+ Ke5 48. Kc3 Rc4+ 49. Kd2 Kd6 50. Qh8 Kc6 51. Qb8 1/2-1/2

[Event "Rhein Main op 10th"]
[Site "Bad Homburg"]
[Date "2007.06.07"]
[Round "2"]
[White "Weil, Volker"]
[Black "Schmid, Herbert"]
[Result "1-0"]
[WhiteElo "2176"]
[BlackElo "1615"]
[PlyCount "83"]
[EventDate "2007.06.06"]
[EventType "swiss"]
[EventRounds "7"]
[EventCountry "GER"]
[SourceTitle "EXT 2008"]
[Source "ChessBase"]
[SourceDate "2007.11.25"]
[SourceVersion "1"]
[SourceVersionDate "2007.11.25"]
[SourceQuality "1"]

1. d4 Nf6 2. Bg5 c5 3. Bxf6 exf6 4. d5 Qb6 5. Qc1 d6 6. c3 Be7 7. g3 0-0 8. Bg2 Bf5 9. Nd2 Nd7 10. Ngf3 Ne5 11. 0-0 Qa6 12. Re1 b5 13. Nh4 Qc8 14. f4 Ng4 15. e4 c4 16. Nxf5 Qc5+ 17. Nd4 a5 18. h3 Nh6 19. Kh2 Bd8 20. N2f3 Bb6 21. g4 Kh8 22. Qd2 Qc8 23. Nxb5 Bc5 24. Nbd4 Rb8 25. Rab1 Rb6 26. Bf1 Qc7 27. Bxc4 Rfb8 28. b3 a4 29. Nc6 axb3 30. axb3 Rxc6 31. dxc6 Qxc6 32. Qd5 Qd7 33. f5 Rf8 34. Ra1 Ng8 35. Ra8 Rxa8 36. Qxa8 d5 37. Qxd5 Qc7+ 38. Kg2 Nh6 39. e5 Qa7 40. b4 Bf8 41. Qd8 Qe7 42. Qxe7 1-0

[Event "Stuttgart-chA int"]
[Site "Gerlingen"]
[Date "2007.05.20"]
[Round "7"]
[White "Weil, Volker"]
[Black "Stiepan, Hans Michael"]
[Result "1/2-1/2"]
[WhiteElo "2176"]
[BlackElo "2092"]
[PlyCount "53"]
[EventDate "2007.05.17"]
[EventType "swiss"]
[EventRounds "7"]
[EventCountry "GER"]
[SourceTitle "EXT 2018"]
[Source "ChessBase"]
[SourceDate "2017.10.13"]
[SourceVersion "1"]
[SourceVersionDate "2017.10.13"]
[SourceQuality "1"]

1. d4 e6 2. Nf3 Nf6 3. Bg5 c5 4. e3 Be7 5. Nbd2 Nc6 6. c3 b6 7. Bd3 0-0 8. 0-0 Bb7 9. Qe2 Nd5 10. Bxe7 Qxe7 11. dxc5 bxc5 12. Nc4 Nb6 13. e4 Nxc4 14. Bxc4 Rad8 15. Rfe1 d6 16. Ba6 Qc7 17. Rab1 Bxa6 18. Qxa6 Qb6 19. Qa4 h6 20. b4 cxb4 21. cxb4 d5 22. b5 Na5 23. Ne5 Rd6 24. h3 dxe4 25. Qxe4 Rfd8 26. Qf3 Qb7 27. Qxb7 1/2-1/2

[Event "Stuttgart-chA int"]
[Site "Gerlingen"]
[Date "2007.05.19"]
[Round "6"]
[White "Gussakovski, Jana"]
[Black "Weil, Volker"]
[Result "0-1"]
[WhiteElo "2091"]
[BlackElo "2176"]
[PlyCount "42"]
[EventDate "2007.05.17"]
[EventType "swiss"]
[EventRounds "7"]
[EventCountry "GER"]
[SourceTitle "EXT 2018"]
[Source "ChessBase"]
[SourceDate "2017.10.13"]
[SourceVersion "1"]
[SourceVersionDate "2017.10.13"]
[SourceQuality "1"]

1. e4 d6 2. d4 Nf6 3. Nc3 e5 4. f4 exd4 5. Qxd4 Nc6 6. Qe3 Be7 7. Nf3 0-0 8. Bd2 d5 9. Qe2 dxe4 10. Nxe4 Nd4 11. Nxd4 Qxd4 12. Nxf6+ Bxf6 13. c3 Qd5 14. b3 Bh4+ 15. Kd1 Bf5 16. Qc4 Qd7 17. Qd4 Qc6 18. Qc4 Qd6 19. a4 Rad8 20. Ra2 Be6 21. Qb5 c6 0-1